00518nam a2200157Ia 4500003000900000008004100009040001600050080001500066100002400081245015300105260004100258300001600299650001600315650001200331700001700343IN-BaIIA211028s9999 xx 000 0 eng d cIIA Library a910.4bTHO aThomson, Wyville C. 0aReport on the scientific results of the voyage of H M S Challenger the year 1873 - 76bvol. 2, deep sea depositscWyville C. Thomson and John Murray aLondonbH.M. Stationery Officec1891 axxix, 525p. aExpeditions aVoyages aMurray, John